• 首页
  • 本馆介绍
  • 公告通知
  • 最新文献
  • 馆藏检索
  • 电子资源
  • 读者导购
  • 参考咨询
  • 我的图书馆
  • 登录
  • 详细信息显示
  • 放入我的书架
  • 预约/预借图书
  • 作者相关作品
  • 分类相关作品
  • 丛书相关作品
  • 出版社相关作品

书目信息

  • 表格格式
  • 工作单格式
  • 卡片格式
题名:
罪行与妥协
    
 
作者: 威廉·肖克罗斯 著 ;吴仁 译
分册:  
出版信息: 北京   新华出版社  1981.02
页数: 290页
开本: 20cm
丛书名:
单 册:
中图分类: D751.50
科图分类:
主题词: 政治
电子资源:
ISBN:
000 00827nam0 2200229 45
001 0204110994
005 20051024102606.48
010    @dCNY0.86
091    @a11203.014
100    @a20020411d1981 km y0chiy0120 ea
101 0  @achi@ceng
200 1  @a罪行与妥协@AZui Xing Yu Tuo Xie@e卡达尔·亚诺什和革命以来的匈牙利政治@EKa Da Er·Ya Nuo Shen He GeMing Yi Lai De Xiong Ya Li Zheng Zhi@f(英)威廉·肖克罗斯著@F(Ying)Wei Lian·Xiao Ke Luo Si Zhu@g吴仁译
210    @a北京@c新华出版社@d1981.02
215    @a290页@d20cm
300    @a内部发行
517    @a卡达尔·亚诺什和革命以来的匈牙利政治@AKa Da Er·Ya Nuo Shen He Ge MingYi Lai De Xiong Ya Li Zheng Zhi
606 0  @a政治
690    @aD751.50@v3
701  0 @a威廉·肖克罗斯@4著
702  0 @a吴仁@AWu Ren@4译
801    @aCN@bTSTC@c20051024
905    @dD751.50@e128@f1@b66981
    
    罪行与妥协:卡达尔·亚诺什和革命以来的匈牙利政治/(英)威廉·肖克罗斯著/吴仁译.-北京:新华出版社,1981.02
    290页;20cm
    内部发行
    
    ISBN :CNY0.86
    
●
相关链接 在E读中查询图书 在五车中查询图书 在当当中查询图书 在豆瓣中查询图书


正题名:罪行与妥协     索取号:D751.50/128         预约/预借

序号 登录号 条形码 馆藏地/架位号 状态 备注
1 0173668   001013995   密集书库/ [索取号:D751.50/128] 在馆    
唐山师范学院图书馆 欢迎您!
大连网信软件有限公司© 版权所有